General Knowledge/Logical Quiz Difficulty: Hard - Statistics

General Stats
  • This quiz has been taken 33 times
  • The average score is 4 of 10
Answer Stats
Hint Answer % Correct
What is the only even prime number? 2
90%
What number comes next in the sequence: 2, 6, 12, 20, 30, ___? 42
87%
How many colors does the South Africa has in his flag ? 6
87%
Which letter comes next in this pattern: O, T, T, F, F, S, S, E, ___? N
57%
Which country has the most official languages? South Africa
57%
What’s the square root of 2025? 45
53%
In Greek mythology, who is the father of the Minotaur? Minos
7%
What year was the brand Hermes founded ? 1837
0%
What is the name of the paradox where increasing information leads to less understanding? Knowledge Paradox
0%
Who was the first person to fly around the world in a hot air balloon? Steve Fossett
0%
No matching quizzes found
Score Distribution
Percent of People with Each Score
Percentile by Number Answered
Your Score History
You have not taken this quiz